| 000 | 00866nam a22002177a 4500 | ||
|---|---|---|---|
| 003 | OSt | ||
| 005 | 20260312055734.0 | ||
| 008 | 260312b |||||||| |||| 00| 0 eng d | ||
| 020 | _a978-971-518-9040 | ||
| 040 |
_aDWCL GS lib _cOC |
||
| 082 | _aM433a 2019 | ||
| 100 | _aMATIAS, SEGUNDO D., JR. | ||
| 245 |
_aAngelica: ang multo ng balete drive _cSEGUNDO D., MATIAS JR. |
||
| 260 |
_aManila City _bLampara Publishing House _c2019 |
||
| 300 |
_a222 p _billustrations _c20cm |
||
| 520 | _afollows a young white lady ghost named Angelica who breaks the strict rules of the Balete Drive spirits by befriending a human child, Coby. | ||
| 650 | _aisang White Lady na pinuno ng mga multo sa Balete Drive | ||
| 650 | _aang pagtataguyod ng kabutihan at pagtulong sa kapwa, kahit pa sa gitna ng takot o panganib | ||
| 700 | _aSEGUNDO D., MATIAS JR. | ||
| 942 |
_2ddc _cFIC. _n0 |
||
| 999 |
_c9030 _d9030 |
||